[Event "Torun op"]
[Site "Torun"]
[Date "2002.??.??"]
[Round "8"]
[White "Kaniecka, G."]
[Black "Baranska, Monika"]
[Result "0-1"]
[WhiteElo "1600"]
[BlackElo "1900"]
[PlyCount "42"]
[EventDate "2002.??.??"]
[EventType "swiss"]
[EventRounds "9"]
[EventCountry "POL"]
[SourceTitle "EXT 2007"]
[Source "ChessBase"]
[SourceDate "2006.11.23"]
[SourceVersion "1"]
[SourceVersionDate "2006.11.23"]
[SourceQuality "1"]

1. c4 e6 2. d4 d5 3. e3 Nf6 4. Nc3 c6 5. Nf3 Nbd7 6. Bd3 Bd6 7. 0-0 0-0 8. Qc2 dxc4 9. Bxc4 e5 10. Ne4 Nxe4 11. Qxe4 Nf6 12. Qc2 e4 13. Ng5 Bxh2+ 14. Kh1 Ng4 15. Nxf7 Rxf7 16. Bxf7+ Kxf7 17. Qxe4 Qh4 18. Qf3+ Kg8 19. Qh3 Nxf2+ 20. Rxf2 Bxh3 21. Rf3 Bd6 0-1

[Event "Torun op"]
[Site "Torun"]
[Date "2002.??.??"]
[Round "3"]
[White "Kaniecka, G."]
[Black "Jacher, Paulina"]
[Result "1/2-1/2"]
[WhiteElo "1600"]
[BlackElo "1600"]
[PlyCount "85"]
[EventDate "2002.??.??"]
[EventType "swiss"]
[EventRounds "9"]
[EventCountry "POL"]
[SourceTitle "EXT 2007"]
[Source "ChessBase"]
[SourceDate "2006.11.23"]
[SourceVersion "1"]
[SourceVersionDate "2006.11.23"]
[SourceQuality "1"]

1. c4 Nf6 2. d4 e6 3. Nc3 Bb4 4. Bd2 d5 5. e3 Nc6 6. Nf3 0-0 7. Be2 Re8 8. 0-0 b6 9. Qc2 Bb7 10. Rac1 Na5 11. a3 Be7 12. cxd5 exd5 13. Ne5 Nc6 14. Nxc6 Bxc6 15. Na2 Bd7 16. Qxc7 Ne4 17. Qxd8 Bxd8 18. Bb4 a5 19. Bc3 Ba4 20. Be1 Bf6 21. Nc3 Rac8 22. f3 Nxc3 23. Bxc3 Rxe3 24. Rf2 Ree8 25. Rb1 Bg5 26. f4 Bf6 27. Bf3 Bc6 28. g3 Re3 29. Bg4 Rce8 30. Rd1 Ba4 31. Rdd2 Re1+ 32. Kg2 R1e3 33. Bf3 Bc6 34. Rfe2 Rxe2+ 35. Rxe2 Rxe2+ 36. Bxe2 h6 37. Kf3 Kf8 38. Kg4 g6 39. Kf3 Bd7 40. Ke3 Ke7 41. Bf3 Kd6 42. Kd2 Bb5 43. Ke3 1/2-1/2

[Event "Torun op"]
[Site "Torun"]
[Date "2002.??.??"]
[Round "5"]
[White "Kaniecka, G."]
[Black "Tumolewska, Karolina"]
[Result "0-1"]
[WhiteElo "1600"]
[BlackElo "1600"]
[PlyCount "116"]
[EventDate "2002.??.??"]
[EventType "swiss"]
[EventRounds "9"]
[EventCountry "POL"]
[SourceTitle "EXT 2007"]
[Source "ChessBase"]
[SourceDate "2006.11.23"]
[SourceVersion "1"]
[SourceVersionDate "2006.11.23"]
[SourceQuality "1"]

1. c4 e5 2. Nc3 Nc6 3. Nf3 f5 4. g3 Bc5 5. e3 d6 6. d4 exd4 7. exd4 Bb4 8. Bg2 Nf6 9. 0-0 0-0 10. Bg5 h6 11. Bxf6 gxf6 12. Nd5 a6 13. a3 Ba5 14. b4 Bb6 15. Nxb6 cxb6 16. d5 Ne5 17. Nd2 Qe8 18. Re1 Qf7 19. f4 Ng6 20. Nf3 Bd7 21. Nd4 Rfe8 22. Ne6 Bxe6 23. dxe6 Qe7 24. Bh3 Rac8 25. Bxf5 Qg7 26. e7 Rc7 27. Bxg6 Qxg6 28. Qxd6 Rxc4 29. Qe6+ Qf7 30. Rad1 Qxe6 31. Rxe6 Kf7 32. Rde1 Rc6 33. Rxc6 bxc6 34. Rc1 Rc8 35. Re1 Re8 36. Kf2 Rxe7 37. Rxe7+ Kxe7 38. Kf3 Ke6 39. Ke4 f5+ 40. Kd4 Kd6 41. h3 h5 42. a4 c5+ 43. bxc5+ bxc5+ 44. Kc4 Kc6 45. h4 Kd6 46. Kc3 a5 47. Kc4 Kc6 48. Kc3 Kd5 49. Kd3 c4+ 50. Kc3 Kc5 51. Kc2 Kb4 52. Kb2 Kxa4 53. Kc3 Kb5 54. g4 hxg4 55. h5 g3 56. h6 g2 57. h7 g1Q 58. h8Q Qa1+ 0-1

[Event "Torun op"]
[Site "Torun"]
[Date "2002.??.??"]
[Round "4"]
[White "Marchlewicz, Iwona"]
[Black "Kaniecka, G."]
[Result "1-0"]
[WhiteElo "1600"]
[BlackElo "1600"]
[PlyCount "81"]
[EventDate "2002.??.??"]
[EventType "swiss"]
[EventRounds "9"]
[EventCountry "POL"]
[SourceTitle "EXT 2007"]
[Source "ChessBase"]
[SourceDate "2006.11.23"]
[SourceVersion "1"]
[SourceVersionDate "2006.11.23"]
[SourceQuality "1"]

1. e4 c6 2. Nc3 d5 3. exd5 cxd5 4. d4 Nf6 5. Be2 Nc6 6. Nf3 Bg4 7. h3 Bh5 8. Be3 e6 9. 0-0 Bd6 10. Qd2 0-0 11. Bf4 Be7 12. Ne5 Bxe2 13. Nxe2 Ne4 14. Qd1 Rc8 15. c3 Bf6 16. Ng4 Be7 17. Ng3 Nf6 18. Ne5 Bd6 19. Nxc6 Rxc6 20. Bxd6 Rxd6 21. Re1 Rb6 22. Re2 Nd7 23. Qd2 Nb8 24. Qf4 Nc6 25. Nh5 Ne7 26. Qe5 f6 27. Qe3 Nf5 28. Qf4 Qd7 29. Rae1 Re8 30. Qg4 Qf7 31. Qxf5 Re7 32. Qf3 Qg6 33. Nf4 Qf7 34. Nxd5 Rc6 35. Nxe7+ Qxe7 36. d5 Rd6 37. Rxe6 Rxe6 38. Rxe6 Qd7 39. Qe4 Kf7 40. Qf5 h6 41. Rxf6+ 1-0